00549nam a22001697a 4500003000900000008004100009020002200050040007100072082002500143100002000168245004900188260004200237300003500279650002000314650002000334700002500354AR-CdUCM190327b ||||| |||| 00| 0 eng d a978-607-735-721-6 aMUNICIPALIDAD PROVINCIAL DEL CUSCOcBIBLIOTECA MUNICIPAL DEL CUSCO aPI-0017 /bNEW / vec aNewgarden, Mark aLos vecinos de Guau Guau son una pesadilla / aEspaña :bOceano Travesía,c2016. bilustraciones a color,c23 cm. aLibro Ilustrado aLibro infantil  aMontague Cash, Megan